| 000 | 01606nam a2200325 a 4500 | ||
|---|---|---|---|
| 001 | BRCA_3006 | ||
| 005 | 20190320204052.0 | ||
| 008 | 190109s1700----ne-a---###---#000-0#fre-u | ||
| 041 | _afre | ||
| 044 | _ane | ||
| 084 |
_a324 _b.M678 _c1700 |
||
| 100 | 1 |
_aCervantes Saavedra, Miguel de _d1547-1616 _9213 |
|
| 245 | 1 | 0 |
_aHistorie de l´Admirable Don Quixotte de la Manche _cMiguel de Cerevantes Saavedra. |
| 260 |
_aAmsterdam _bPierre Mortier _c1700 |
||
| 300 |
_a5 v. _bil. _c13 cm. |
||
| 500 | _aContenido : v 1. Primera parte. Advertencia del traductor. Texto. -- v 2. Texto. -- v 3. Segunda parte. Texto. -- v 4. Texto. -- v 5. Continuación de la novela por el traductor | ||
| 500 | _aEdición : Traduit par Filleau de Saint-Martin | ||
| 500 | _aOtra reproducción de la traducción de Filleau de Saint-Martin. Las láminas están grabadas por Cause y otros, sobre los dibujos de la edición de Bruselas de 1662, excepto las del tomo V que comprende la continuación absurda, cuyas láminas son de Gaspar Luy-Kens. Piel; lomeras decoradas con dorados Lúdovik Osterc | ||
| 500 | _aQM252 | ||
| 546 | _aTexto en : francés | ||
| 650 | 1 | 4 |
_aNovela española _yÉpoca clásica, 1500-1700 _9215 |
| 650 | 1 | 4 |
_aLiteratura española _yÉpoca clásica, 1500-1700 _9216 |
| 650 | 1 | 4 |
_aNovela española _ySiglo XVII _9217 |
| 650 | 1 | 4 |
_aDon Quijote (Personaje ficticio) _eNovela _9218 |
| 700 | 1 |
_aSaint-Martin, Francois Filleau de _d1632-1695 _eTraductor _98298 |
|
| 700 | 1 |
_aLuy-Kens, Gaspar _eIlustrador _98299 |
|
| 740 | 0 | _aEl Ingenioso Hidalgo Don Quijote de la Mancha | |
| 902 | _aQFM | ||
| 942 |
_2lcc _cB |
||
| 999 |
_c2744 _d2744 |
||